‪عن السينما العربية : (Record no. 29984)

MARC details
000 -الفاتح
حقل البيانات ثابتة الطول 01057nam a22002657i 4500
003 - محدد رقم الضبط
رقم الضبط EG-ScBUE
005 - وقت وتاريخ اخر تعامل مع التسجيلة
رقم الضبط 20221120034118.0
008 - عناصر البيانات ثابتة الطول - معلومات عامة
حقل البيانات ثابتة الطول 220731s1998 ua o f 000 0 ara d
040 ## - مصدر الفهرسة
وكالة الفهرسة الأصلية EG-ScBUE
لغة الفهرسة ara
قواعد الوصف rda
وكالة النسخ EG-ScBUE
وكالة التعديل EG-ScBUE
043 ## - رمز المنطقة الجغرافية
رمز المنطقة الجغرافية ma-----
082 04 - رقم تصنيف ديوى العشرى
رقم الطبعة 22
رقم التصنيف ‪791.430904
رقم المادة د ر و
100 1# - المدخل الرئيسى - إسم شخصى
الإسم الشخصى ‪درويش، قصي صالح،
الدور مؤلف.
245 10 - بيان العنوان
العنوان ‪عن السينما العربية :
بقية العنوان ‪قراءات نقدية فى افلام التسعينات /
بيان المسئوليه,etc قصي صالح درويش.
264 #1 - النشر، التوزيع
مكان الناشر او الموزع القاهرة :
اسم الناشر او الموزع ‪الهيئة العامة لقصور الثقافة،
تاريخ النشر أو التوزيع [1998]
300 ## - الوصف المادى
التعداد 204 صفحة :
تفاصيل ماديه اخرى للوعاء صور ؛
أبعاد الوعاء 24 سم.
336 ## - نوع المحتوى
source rdacontent
Carrier Type Term نص
Content Type Code txt
337 ## - نوع الوسيط
source rdamedia
Media Type Term بدون وسيط
Media Type Code n
338 ## - نوع الحامل أو الناقل
source rdacarrier
Carrier Type Term مجلد
Carrier Type Code nc
490 0# - بيان السلسلة
عنوان السلسلة آفاق السينما
650 #7 - المدخل الاضافى بالموضوع-مصطلح موضوعى
مصطلح موضوعي أو اسم جغرافي كعنصر مدخل ‪السينما
التقسيم الفرعي الجغرافي ‪الدول العربية.
مصدر الرأس أو المصطلح BUEsh
650 #7 - المدخل الاضافى بالموضوع-مصطلح موضوعى
مصطلح موضوعي أو اسم جغرافي كعنصر مدخل ‪الأفلام السينمائية
التقسيم الفرعي الجغرافي ‪الدول العربية.
مصدر الرأس أو المصطلح BUEsh
653 ## - مصطلح تكشيفى غير مقيد
Resource For college Arts and Design
Arrived date list November2022
655 ## - مصطلح تكشيفى-نوع/شكل
التقسيم الفرعي الشكلي Reading book
942 ## - عناصر المدخل الإضافي( كوها)
مصدر التصنيف او مخطط الترفيف Dewey Decimal Classification
Holdings
حالة التراجع حالة الفقد مصدر التصنيف او خطة الترفيف حالة تلف ليس للاعارة مجموعات كوها المكان الدائم المكان الحالي موقع الترفيف تاريخ الاكتساب Source of acquisition رقم الاستدعاء الباركود Date last seen نوع الوعاء
    Dewey Decimal Classification     Donation-Gift Central Library Central Library Second Floor 20/11/2022 Donation ‪791.430904 د ر و 000056455 15/07/2025 Book - Borrowing